| 000 | 00710nam a22002297a 4500 | ||
|---|---|---|---|
| 999 |
_c1631 _d1631 |
||
| 003 | AR-CdUCM | ||
| 008 | 190227b ||||| |||| 00| 0 spa d | ||
| 040 |
_aMUNICIPALIDAD PROVINCIAL DEL CUSCO _cBIBLIOTECA MUNICIPAL DEL CUSCO |
||
| 082 |
_a869.56 / _bC13 |
||
| 100 |
_aCabel, Jesus _96084 |
||
| 245 |
_aPalabra de guerrillero : _bJavier Heraud / pequeña antologia y homenaje / _cCabel, Jesus |
||
| 260 |
_aLima : _bGonzales, _c1970. |
||
| 300 |
_a98 paginas ; _c23cm. |
||
| 500 | _apoesias | ||
| 650 |
_aPoesia _91598 |
||
| 650 |
_aLatinoamerica _94398 |
||
| 650 |
_aPeru _9429 |
||
| 650 |
_aAntologia y homenaje _96085 |
||
| 700 |
_aCabel, Jesus _96084 |
||
| 942 |
_2ddc _cLIBROS |
||
| 945 |
_apjha _d2019-02-27 |
||